Tourism, mobility, and second homes between elite landscape and common ground /

Bibliographic Details
Corporate Author: ProQuest (Firm)
Other Authors: Hall, Colin Michael, 1961-, M?uller, Dieter K.
Format: Electronic eBook
Language:English
Published: Clevedon, UK ; Buffalo : Channel View Publications, c2004.
Series:Aspects of tourism ; 15.
Subjects:
Online Access:Click to View
LEADER 01624nam a22004334a 4500
001 EBC214065
003 MiAaPQ
005 20200520144314.0
006 m o d |
007 cr cn|||||||||
008 040205s2004 enkb sb 001 0 eng
010 |z  2004002643 
020 |z 9781873150825 
020 |z 1873150806 (pbk : alk. paper) 
020 |z 1873150814 (hbk : alk. paper) 
020 |a 1873150822 (electronic bk.) 
035 |a (MiAaPQ)EBC214065 
035 |a (Au-PeEL)EBL214065 
035 |a (CaPaEBR)ebr10096137 
035 |a (OCoLC)567989175 
040 |a MiAaPQ  |c MiAaPQ  |d MiAaPQ 
050 4 |a HD7289.2  |b .T68 2004 
082 0 4 |a 333.33/8  |2 22 
245 0 0 |a Tourism, mobility, and second homes  |h [electronic resource] :  |b between elite landscape and common ground /  |c edited by C. Michael Hall and Dieter K. M?uller. 
260 |a Clevedon, UK ;  |a Buffalo :  |b Channel View Publications,  |c c2004. 
300 |a x, 304 p. :  |b maps. 
490 1 |a Aspects of tourism ;  |v 15 
504 |a Includes bibliographical references (p. 279-302) and index. 
533 |a Electronic reproduction. Ann Arbor, MI : ProQuest, 2015. Available via World Wide Web. Access may be limited to ProQuest affiliated libraries. 
650 0 |a Residential mobility. 
650 0 |a Second homes. 
650 0 |a Tourism. 
650 0 |a Vacation homes. 
655 4 |a Electronic books. 
700 1 |a Hall, Colin Michael,  |d 1961- 
700 1 |a M?uller, Dieter K. 
710 2 |a ProQuest (Firm) 
830 0 |a Aspects of tourism ;  |v 15. 
856 4 0 |u https://ebookcentral.proquest.com/lib/matrademy/detail.action?docID=214065  |z Click to View